[Event "COL-chT"]
[Site "Bucaramanga"]
[Date "2022.09.08"]
[Round "5.2"]
[White "Ortega Rueda, Nicolas"]
[Black "Moreno Hernandez, Andres Mauricio"]
[Result "0-1"]
[WhiteElo "1269"]
[BlackElo "1511"]
[PlyCount "64"]
[EventDate "2022.09.06"]
[EventType "team-swiss"]
[EventRounds "7"]
[EventCountry "COL"]
[SourceTitle "CBM 210 Extra"]
[Source "ChessBase"]
[SourceDate "2022.11.30"]
[SourceVersion "1"]
[SourceVersionDate "2022.11.30"]
[SourceQuality "1"]
[WhiteTeam "Santander Indersantander"]
[BlackTeam "Santander Gladiatores"]
[WhiteTeamCountry "COL"]
[BlackTeamCountry "COL"]

1. e4 c6 2. d4 d5 3. e5 c5 4. dxc5 Nc6 5. Bb5 e6 6. Bxc6+ bxc6 7. b4 a5 8. Ba3 Qc7 9. Nf3 Ba6 10. Nc3 Rb8 11. Rb1 Ne7 12. Ne2 Ng6 13. Qd4 Be7 14. c3 0-0 15. Rb2 Rb7 16. 0-0 Rfb8 17. Rfb1 f6 18. Qg4 Qd7 19. Ned4 f5 20. Qg3 Kf7 21. Ng5+ Bxg5 22. Qxg5 Nxe5 23. Qh5+ Kg8 24. Re1 Nd3 25. Rxe6 Nf4 26. Qxf5 Rf8 27. Qe5 Nxe6 28. Nxe6 Re8 29. f4 Rxe6 30. Qg5 Re1+ 31. Kf2 Qe8 32. Qg4 Qe3# 0-1

[Event "Bucaramanga Santander-ch"]
[Site "Bucaramanga"]
[Date "2022.04.11"]
[Round "8"]
[White "Moreno Hernandez, Andres Mauricio"]
[Black "Morales Guerrero, Alfonso Javier"]
[Result "0-1"]
[WhiteElo "1703"]
[BlackElo "1883"]
[PlyCount "50"]
[EventDate "2022.04.08"]
[EventType "swiss"]
[EventRounds "8"]
[EventCountry "COL"]
[SourceTitle "CBM 207 Extra"]
[Source "ChessBase"]
[SourceDate "2022.05.31"]
[SourceVersion "1"]
[SourceVersionDate "2022.05.31"]
[SourceQuality "1"]

1. e4 Nf6 2. Nc3 d5 3. exd5 Nxd5 4. Nxd5 Qxd5 5. d4 Nc6 6. Nf3 Bg4 7. Be2 e6 8. c3 0-0-0 9. 0-0 h5 10. h3 Kb8 11. Nh2 Bf5 12. Be3 e5 13. Nf3 Qe6 14. Qc1 Be7 15. Rd1 e4 16. Ng5 Qg6 17. f3 Bxg5 18. Bxg5 f6 19. fxe4 Bxe4 20. h4 fxg5 21. hxg5 Rd5 22. Rf1 Rxg5 23. Rf2 Rxg2+ 24. Kh1 Rg1+ 25. Kh2 Qg3# 0-1

[Event "Bucaramanga Santander-ch"]
[Site "Bucaramanga"]
[Date "2022.04.11"]
[Round "7"]
[White "Moreno Hernandez, Andres Mauricio"]
[Black "Roa Beleno, Matias Fernando"]
[Result "1-0"]
[WhiteElo "1703"]
[BlackElo "1173"]
[PlyCount "87"]
[EventDate "2022.04.08"]
[EventType "swiss"]
[EventRounds "8"]
[EventCountry "COL"]
[SourceTitle "CBM 207 Extra"]
[Source "ChessBase"]
[SourceDate "2022.05.31"]
[SourceVersion "1"]
[SourceVersionDate "2022.05.31"]
[SourceQuality "1"]

1. e4 e5 2. Nf3 Nc6 3. Bc4 Nf6 4. Nc3 Be7 5. d3 d6 6. h3 a6 7. a3 h6 8. Be3 Be6 9. Bxe6 fxe6 10. d4 exd4 11. Nxd4 Nxd4 12. Qxd4 d5 13. e5 Nd7 14. Bf4 Bg5 15. Ne2 c5 16. Qe3 Bxf4 17. Nxf4 Kf7 18. 0-0 g5 19. Nh5 Rf8 20. Rae1 Kg8 21. Qd3 Qe8 22. g4 c4 23. Qd4 Qg6 24. c3 b6 25. f4 gxf4 26. Rxf4 Rxf4 27. Nxf4 Qf7 28. Rf1 Rf8 29. Qe3 Nc5 30. Rf2 Ne4 31. Rf1 Ng5 32. h4 Ne4 33. Kg2 h5 34. gxh5 Qg7+ 35. Kh2 Kh7 36. Nxe6 Qxe5+ 37. Nf4 Rf5 38. Kh1 Qf6 39. Rf3 Qxh4+ 40. Nh3 Ng3+ 41. Rxg3 Rf1+ 42. Kg2 Rb1 43. Ng5+ Kh6 44. Nf3+ 1-0